LEADER 02187nam0 22004813i 450 001 SBL0362406 005 20251003044353.0 020 $aIT$b725660 100 $a20100701d1972 ||||0itac50 ba 101 | $aita 102 $ait 181 1$6z01$ai $bxxxe 182 1$6z01$an 183 1$6z01$anc$2RDAcarrier 200 1 $aSindacati, inflazione e produttivitą$fPaolo Sylos Labini 210 $aBari$cLaterza$d1972 215 $a165 p.$d20 cm 225 | $aLibri del tempo Laterza$v127 410 0$1001CFI0002018$12001 $aLibri del tempo Laterza$v127 500 10$aSindacati, inflazione e produttivitą.$3MSE0068896$9CFIV002360$938347 606 $aItalia$xPolitica economica$x1990-1997$2FIR$3CFIC022743$9E 676 $a306.30945$9ISTITUZIONI ECONOMICHE. Italia$v23 676 $a331.21$9RETRIBUZIONI$v20 676 $a331.8809451761$9SINDACATI IN ITALIA$v20 676 $a332.4$9Moneta$v12 676 $a338.9$9SVILUPPO ECONOMICO$v21 676 $a338.945$9SVILUPPO ECONOMICO E POLITICHE DI SVILUPPO. Italia$v20 676 $a338.945$9SVILUPPO ECONOMICO. Italia$v21 676 $a338.945$9Sviluppo e crescita economica. Italia$v22 686 $aIT/4436.0$cLAVORO SINDACATI DEI LAVORATORI ITALIA 1968-1989$2R 700 1$aSylos Labini$b, Paolo$3CFIV002360$4070$0183308 801 3$aIT$bIT-000000$c20100701 850 $aIT-BN0095 $aIT-SA0252 $aIT-CE0066 $aIT-NA0581 $aIT-BN0052 901 $bNAP MG$cA $n$ 901 $bNAP 83$cIAN $n$ 901 $bNAP FC$cFONDO $n$ 901 $bNAP 01$cPOZZO LIB.$nVi sono collocati fondi di economia, periodici di ingegneria e scienze, periodici di economia e statistica e altri fondi comprendenti documenti di economia pervenuti in dono. 901 $bNAP CV$cBSAGOSTINO$n$ 912 $aSBL0362406 950 0$aBiblioteca Centralizzata di Ateneo$c1 v.$d 01POZZO LIB.F. SANTI 404$e 0101 0060033185E VMA 1 v. (Precedente collocazione S 424)$fB $h20221109$i20221109 977 $a 01$a 83$a CV$a FC$a MG 996 $aSindacati, inflazione e produttivitą$938347 997 $aUNISANNIO